Data Structures & Problem Solving using Java / (Record no. 14040)
[ view plain ]
| 000 -LEADER | |
|---|---|
| fixed length control field | 00945nam a22002297a 4500 |
| 008 - FIXED-LENGTH DATA ELEMENTS--GENERAL INFORMATION | |
| fixed length control field | 100602s2010 mau|||||r|||| 001 0 eng d |
| 020 ## - INTERNATIONAL STANDARD BOOK NUMBER | |
| International Standard Book Number | 9780321546227 |
| 020 ## - INTERNATIONAL STANDARD BOOK NUMBER | |
| International Standard Book Number | 0321546229 |
| 082 ## - DEWEY DECIMAL CLASSIFICATION NUMBER | |
| Edition number | 22 |
| Classification number | 005.133 |
| Item number | WEI |
| 100 ## - MAIN ENTRY--PERSONAL NAME | |
| 9 (RLIN) | 14477 |
| Personal name | Weiss, Mark Allen |
| 245 ## - TITLE STATEMENT | |
| Title | Data Structures & Problem Solving using Java / |
| Statement of responsibility, etc | Mark Allen Weiss. |
| 250 ## - EDITION STATEMENT | |
| Edition statement | International ed.,4th ed. |
| 260 ## - PUBLICATION, DISTRIBUTION, ETC. (IMPRINT) | |
| Place of publication, distribution, etc | Boston, MA. : |
| Name of publisher, distributor, etc | Pearson, 2010 |
| Date of publication, distribution, etc | 2010 |
| 300 ## - PHYSICAL DESCRIPTION | |
| Extent | 1011 p. : |
| Other physical details | ill. ; |
| Dimensions | 22 cm. |
| 500 ## - GENERAL NOTE | |
| General note | Donated by: Dr. Khaled Nagaty |
| 504 ## - BIBLIOGRAPHY, ETC. NOTE | |
| Bibliography, etc | Includes bibliographic references and index. |
| 650 ## - SUBJECT ADDED ENTRY--TOPICAL TERM | |
| 9 (RLIN) | 5394 |
| Topical term or geographic name as entry element | Java (Computer program language) |
| 650 ## - SUBJECT ADDED ENTRY--TOPICAL TERM | |
| 9 (RLIN) | 12448 |
| Topical term or geographic name as entry element | Data structures (Computer science) |
| 650 ## - SUBJECT ADDED ENTRY--TOPICAL TERM | |
| 9 (RLIN) | 14401 |
| Topical term or geographic name as entry element | Problem solving |
| General subdivision | Data processing. |
| 942 ## - ADDED ENTRY ELEMENTS (KOHA) | |
| Source of classification or shelving scheme | Dewey Decimal Classification |
| Item type | Book - Borrowing |
| Withdrawn status | Item status | Source of classification or shelving scheme | Damaged status | Not for loan | Vendor | Home library | Current library | Shelving location | Date acquired | Source of acquisition | Total Checkouts | Full call number | Barcode | Date last seen | Date last borrowed | Koha item type |
|---|---|---|---|---|---|---|---|---|---|---|---|---|---|---|---|---|
| Dewey Decimal Classification | Central Library | Central Library | Lower Floor | 02/06/2010 | Donation | 2 | 005.133 WEI | 000020959 | 15/07/2025 | 28/02/2017 | Book - Borrowing |